| 000 | 00000nam 2200000zi 4500 |
| 001 | 9.934712 |
| 003 | CaOODSP |
| 005 | 20240405075758 |
| 006 | m o d f |
| 007 | cr mn||||||||| |
| 008 | 240229t20242024quca ob f000 0 eng d |
| 020 | |a9780660705446 |
| 040 | |aCaOODSP|beng|erda|cCaOODSP |
| 043 | |an-cn-on |
| 045 | |ay2y2 |
| 086 | 1 |aTU3-10/23-0008E-PDF |
| 110 | 2 |aTransportation Safety Board of Canada.|eauthor, |eissuing body. |
| 245 | 10|aLoss of control in flight, Chartright Air Inc. (dba Chartright Air Group), Cessna 560 Encore, C-FYMM, vicinity of Cayuga, Ontario, 27 January 2023. |
| 264 | 1|aGatineau QC : |bTransportation Safety Board of Canada = Bureau de la sécurité des transports du Canada, |c2024. |
| 264 | 4|c©2024 |
| 300 | |a1 online resource (31 pages) : |billustrations (some colour). |
| 336 | |atext|btxt|2rdacontent |
| 337 | |acomputer|bc|2rdamedia |
| 338 | |aonline resource|bcr|2rdacarrier |
| 490 | 1 |aAir transportation safety investigation report ; |vA23O0008 |
| 500 | |aIssued also in French under title: Perte de maîtrise en vol, Chartright Air Inc. (s/n Chartright Air Group), Cessna 560 Encore, C-FYMM, à proximité de Cayuga (Ontario), 27 janvier 2023. |
| 500 | |a"[R]eleased 27 March 2024"--Page 2. |
| 504 | |aIncludes bibliographical references. |
| 650 | 0|aAircraft accidents|xInvestigation|zOntario. |
| 775 | 08|tPerte de maîtrise en vol, Chartright Air Inc. (s/n Chartright Air Group), Cessna 560 Encore, C-FYMM, à proximité de Cayuga (Ontario), 27 janvier 2023.|w(CaOODSP)9.934714 |
| 830 | #0|aAir transportation safety investigation brief ;|vA23O0008.|w(CaOODSP)9.845270 |
| 856 | 40|qPDF|s1.20 MB|uhttps://publications.gc.ca/collections/collection_2024/bst-tsb/TU3-10-23-0008-eng.pdf |
| 856 | 4 |qHTML|sN/A|uhttps://www.tsb.gc.ca/eng/rapports-reports/aviation/2023/a23o0008/a23o0008.html |